| 000 | 00608nam a2200181 i 4500 | ||
|---|---|---|---|
| 001 | 165137 | ||
| 003 | ES-MaACL | ||
| 005 | 20250727035326.0 | ||
| 008 | 050816s1898 fr | |||||||| ||fre d | ||
| 040 |
_aCAM _bspa _cCAM |
||
| 100 | 1 |
_aSeillière, Ernest. _9105268 |
|
| 245 | 1 | 0 |
_aLittérature et morale dans le parti socialiste allemand _b: essais / _cpar Ernest Sillière. |
| 260 |
_aParis : _bE. Plon, Nourrit et c\pie\s imprimeur-éditeur, _c1898. |
||
| 300 |
_aXXIII, 361 p. ; _c19 cm. |
||
| 650 | 4 |
_aSocialismo- _zAlemania _917149 |
|
| 852 |
_aES-MaACL _jD-5128 _z-- Rust. |
||
| 999 |
_c165137 _d165137 |
||